mysqli: Table './ulib62015/stat_globaluid' is marked as crashed and should be repaired
select id from stat_globaluid where statuid='20260518004556_432'
mysqli: Table './ulib62015/stat_globaluid' is marked as crashed and should be repaired
DELETE FROM stat_globaluid
WHERE id NOT IN (
SELECT id
FROM (
SELECT id
FROM stat_globaluid
ORDER BY id DESC
LIMIT 100
) foo
);
mysqli: Table './ulib62015/stat_globaluid' is marked as crashed and should be repaired
insert into stat_globaluid set
statuid='20260518004556_432',
dt='1779039956',
phpself='/ULIB62015/dublinfull.php',
agent='Mozilla/5.0 AppleWebKit/537.36 (KHTML, like Gecko; compatible; ClaudeBot/1.0; +claudebot@anthropic.com)',
yea='2026',
mon='5',
dat='18',
ip='216.73.216.45'
mysqli: Table './ulib62015/stathist_viewbib_bib_type' is marked as crashed and should be repaired
insert into stathist_viewbib_bib_type set
dat='18' ,
mon='05' ,
yea='2026' ,
statuid='20260518004556_432' ,
head='28306' ,
foot='marc' ,
dt='1779039956'
| LEADER : 01174nam 2200277 a 4500 |
| 008 030417s2004 caua sb 001 0 eng |
| 050 ^a205
|
| 060 ^aท184น
|
| 082 ^aWX
|
| 100 ^aกรมการแพทย์ กระทรวงสาธารณสุข
|
| 245 ^aแนวทางเวชปฏิบัติการวินิจฉัยและการดูแลรักษาผู้ป่วยไข้หวัดนก ไข้หวัดใหญ่
|
| 913 ^aImported by ULIBM Administrator
|
| 945 ^p0^l0^i014043
|
| 945 ^p0^l0^i014042 |
| 949 ^aImport form external file by ULIBM system
|
| คุณยังไม่ได้ล็อกอิน คุณสามารถมีกิจกรรมร่วมกับเว็บไซต์ได้ แต่ต้องล็อกอินก่อน :: |
|
|
|
| ลำดับที่ |
ประเภท |
เลขเรียก/บาร์โค้ด |
สถานที่ |
สถานะ |
| 1. |
 หนังสือ | WX 205 ท184น 2004 ฉ.1 Barcode: 014043 | หนังสือทั่วไป | ถูกยืม กำหนดส่งวันที่ 18 พฤษภาคม 2569
จอง |
| 2. |
 หนังสือ | WX 205 ท184น 2004 ฉ.2 Barcode: 014042 | หนังสือทั่วไป | บนชั้น ขอยืม |
รายการใกล้เคียง
ผู้แต่ง [กรมการแพทย์ กระทรวงสาธารณสุข]
|
|
ยังไม่เคยถูกคอมเมนท์
|
| คอมเมนท์ทรัพยากรรายการนี้ |
|